Online Catalogue and eLibrary

GSP+and Sri Lanka: (Record no. 2927)

MARC details
000 -LEADER
fixed length control field 00498nam a2200169Ia 4500
005 - DATE AND TIME OF LATEST TRANSACTION
control field 20240514015105.0
008 - FIXED-LENGTH DATA ELEMENTS--GENERAL INFORMATION
fixed length control field 240331s9999 xx 000 0 und d
020 ## - INTERNATIONAL STANDARD BOOK NUMBER
ISBN 9789556070507
082 ## - DDC Classification
Item Number - Author Mark GSP
Class No. 331.94
100 ## - MAIN ENTRY--PERSONAL NAME
Personal name Center for Policy Alternatives
245 #0 - TITLE STATEMENT
Title GSP+and Sri Lanka:
Remainder of title Economic, Labor and Human Rights Isuues
260 ## - PUBLICATION, DISTRIBUTION, ETC.
Place of publication, distribution, etc. Colombo
Name of publisher, distributor, etc. Centre for policy Alternatives & Friedrich Ebert Stiftung
Date of publication, distribution, etc. 2008
300 ## - PHYSICAL DESCRIPTION
Extent (e.g. Volumes, Pages etc.) vii, 196 p .,
650 ## - SUBJECT ADDED ENTRY--TOPICAL TERM
Topical term or geographic name entry element Laws
650 ## - SUBJECT ADDED ENTRY--TOPICAL TERM
Topical term or geographic name entry element Social
942 ## - Koha item type (Biblio)
Koha item type Books in Stacks (Lending)
Holdings
Lost status Damaged status Collection code Home library Current library Shelving location Date acquired Full call number Accession Number Item type
    Lending WERC Library WERC Library Social Science Cupboard 03/31/2024 331.94 GSP 6278 Books in Stacks (Lending)

© WERC Library